Loading...

Scientific methods and social research

Bibliografiske detaljer
Hovedforfatter: Ghosh, B N
Udgivet: New Delhi, Sterling Publishers 1982
Fag:
LEADER 004280000a22001330004500
082 |a 300.72 M2 
100 |a Ghosh, B N 
245 |a Scientific methods and social research 
260 |a New Delhi, Sterling Publishers 
260 |c 1982 
650 |a Scientific method 
650 |a Social research 
999 |c 88549  |d 88549 
952 |0 0  |1 0  |4 0  |6 300_720000000000000_M2  |7 0  |9 80884  |a SBES  |b SBES  |d 2016-08-12  |l 0  |o 300.72 M2  |p SBES00198  |r 2016-08-12  |w 2016-08-12